000 00741nam a2200289Ia 4500
005 20260324122020.0
008 008 260324s9999 xx 000 0 eng d
020 _a9780203109908
037 _aEBOOK
040 _aCRL
040 _beng
040 _cCRL
041 _2eng
041 _aeng
084 _qCRL
100 _aMarjolein B. A. van Asselt; Esther Versluis; Ellen Vos
_91164777
245 0 _aBalancing between Trade and Risk
245 0 _bIntegrating Legal and Social Science Perspectives
260 _bTaylor and Francis
260 _c2013
365 _a
365 _b240
856 _uhttp://www.taylorfrancis.com/books/9780203109908
942 _cEBOOK
999 _c1757214
_d1757214